Statistics for 10 Southernmost Countries in Africa

Click here to take the quiz!

General Stats

  • This quiz has been taken 31,306 times
  • The average score is 9 of 10

Answer Stats

Latitude Country % Correct
46°59'SSouth Africa
100%
30°40'SLesotho
95%
22°25'SZimbabwe
92%
28°58'SNamibia
91%
25°37'SMadagascar
91%
28°19'SEswatini
90%
26°52'SMozambique
89%
18°05'SZambia
89%
26°54'SBotswana
88%
20°32'SMauritius
61%

Score Distribution

Percentile by Number Answered

Percent of People with Each Score

Your Score History

You have not taken this quiz